| 000 | 00000cas 2200000zi 4500 |
| 001 | 9.962514 |
| 003 | CaOODSP |
| 005 | 20260507153255 |
| 006 | m o d f |
| 007 | cr cn |||||||| |
| 008 | 260501d19901993bccqr p o f0### 0eng|d |
| 040 | |aCaOODSP|beng|erda|cCaOODSP |
| 043 | |an-cn-bc |
| 086 | 1 |aIu2-4E-PDF |
| 245 | 00|aInsight into industry : |bnews of industrial advances in British Columbia. |
| 264 | 1|a[Vancouver] : |bIndustry, Science and Technology Canada = Industrie, sciences et technologie Canada, |c[1990-1993] |
| 310 | |aQuarterly |
| 336 | |atext|btxt|2rdacontent |
| 337 | |acomputer|bc|2rdamedia |
| 338 | |aonline resource|bcr|2rdacarrier |
| 362 | 1 |aBegan with: Spring 1990; ceased with: Winter 1993. |
| 500 | |aDigitized publication from print [produced by Innovation, Science and Economic Development Canada]. |
| 588 | |aDescription based on: Spring 1990; title from PDF caption. |
| 588 | |aLatest issue consulted: Winter 1993. |
| 650 | 0|aIndustries|zBritish Columbia|vPeriodicals. |
| 650 | 6|aIndustrie|zColombie-Britannique|vPériodiques. |
| 655 | 7|aPeriodicals|2lcgft |
| 655 | 7|aPériodiques|2rvmgf |
| 710 | 1 |aCanada. |bIndustry, Science and Technology Canada, |eissuing body. |
| 780 | 00|tBritish Columbia industrial development bulletin.|w(CaOODSP)9.957496 |